| 000 | 00640nam a2200229Ia 4500 | ||
|---|---|---|---|
| 003 | OSt | ||
| 005 | 20220925195541.0 | ||
| 006 | a|||||r|||| 00| 0 | ||
| 007 | ta | ||
| 008 | 220923b |||||||| |||| 00| 0 eng d | ||
| 037 | _cGeneral Book | ||
| 040 |
_aRTL _cRTL _beng |
||
| 041 |
_2eng _aeng |
||
| 082 | _aX:8:(S:4), K5 | ||
| 100 |
_aSteiner Gary A. Ed. _9254874 |
||
| 245 | 0 | _aCreative organization | |
| 260 |
_aChicago _bThe University of Chicago Press. _c1965 |
||
| 300 |
_aviii,267p. _ccm. |
||
| 650 |
_aManagement _930681 |
||
| 942 |
_hX:8:(S:4), K5 _cGB _2CC |
||
| 999 |
_c533365 _d533365 |
||